• 首页
  • 本馆介绍
  • 公告通知
  • 最新文献
  • 馆藏检索
  • 电子资源
  • 读者导购
  • 参考咨询
  • 我的图书馆
  • 登录
  • 详细信息显示
  • 放入我的书架
  • 预约/预借图书
  • 作者相关作品
  • 分类相关作品
  • 丛书相关作品
  • 出版社相关作品

书目信息

  • 表格格式
  • 工作单格式
  • 卡片格式
题名:
遥感数字图像处理与分析
    
 
作者: 杨树文 编著
分册:  
出版信息: 北京   电子工业出版社  2015.7
页数: 11,226页
开本: 24cm
丛书名:
单 册:
中图分类: TP751.1
科图分类:
主题词: 遥感图象--数字图象处理--高等学校--教材
电子资源:
ISBN: 978-7-121-26222-7
000 01093nam0 2200277 450
001 351843
005 20161017162348.93
010    @a978-7-121-26222-7@dCNY45.00
100    @a20150715d2015 em y0chiy50 ea
101 0  @achi
102    @aCN@b110000
105    @aa z 000yy
106    @ar
200 1  @a遥感数字图像处理与分析@eENVI5.x实验教程@f杨树文等编著
210    @a北京@c电子工业出版社@d2015.7
215    @a11,226页@c图@d24cm@e附光盘1片
300    @a高等学校教材
304    @a编著者还有:董玉森、罗小波、詹云军
307    @a附光盘:ISBN 978-7-89394-106-1
330    @a本书结合业内流行软件ENVI详细介绍遥感数字图像的处理与分析过程,分为基础篇和增强篇。基础篇内容包括导论、ENVI5.x窗口组成、图像预处理、图像增强、图像分类、矢量数据处理、高分辨率遥感图像分割、遥感制图与三维可视化;增强篇内容包括高光谱分析技术、雷达图像处理、地形特征提取、多特征信息提取与分析。
517 1  @aENVI5.x实验教程
606 0  @a遥感图象@x数字图象处理@x高等学校@j教材
690    @aTP751.1@v5
701  0 @a杨树文@f(1975~)@4编著
801  0 @aCN@bTANGWEI@c20161010
905    @b0896795-9@dTP751.1@e49@f5
    
    遥感数字图像处理与分析:ENVI5.x实验教程/杨树文等编著.-北京:电子工业出版社,2015.7
    11,226页:图;24cm+附光盘1片
    高等学校教材
    
    ISBN 978-7-121-26222-7:CNY45.00
    本书结合业内流行软件ENVI详细介绍遥感数字图像的处理与分析过程,分为基础篇和增强篇。基础篇内容包括导论、ENVI5.x窗口组成、图像预处理、图像增强、图像分类、矢量数据处理、高分辨率遥感图像分割、遥感制图与三维可视化;增强篇内容包括高光谱分析技术、雷达图像处理、地形特征提取、多特征信息提取与分析。
●
相关链接 在E读中查询图书 在五车中查询图书 在当当中查询图书 在豆瓣中查询图书


正题名:遥感数字图像处理与分析     索取号:TP751.1/49         预约/预借

序号 登录号 条形码 馆藏地/架位号 状态 备注
1 0896795   208967956   第二样本阅览室/ [索取号:TP751.1/49] 在馆    
2 0896796   208967965   第三借阅区/ [索取号:TP751.1/49] 在馆    
3 0896797   208967974   第三借阅区/ [索取号:TP751.1/49] 在馆    
4 0896798   208967983   第三借阅区/ [索取号:TP751.1/49] 在馆    
5 0896799   208967992   第三借阅区/ [索取号:TP751.1/49] 在馆    
唐山师范学院图书馆 欢迎您!
大连网信软件有限公司© 版权所有